000 nam a22 a 4500
999 _c120972
_d120972
003 BLK
005 20210719141718.0
008 180409b bul|||||r ||||||| ||bul||
010 _aKNG00126592000
040 _aBLK
041 _aBUL
_cBUL
080 _aРуска литература
_b821.161.1
_x-21
_z821.161.1-21
100 1 _aАндреев, Леонид Николаевич
_eпърви автор
_9245407
139 _aАндреев, Леонид Николаевич
_bА 66
245 1 0 _aСава
_bДрама в 4 д.
_cЛеонид Николаевич Андреев; прев. от рус. Стефана Попова, Георги Бакалов.
245 1 0 _aIgnis sanat
257 _aRUS
260 _aБургас
_bкниж. Сидер Тодоров
_c1908
_fКарнобат : Д. Ангелов и Ж. Манев
300 _a88 с.
_c20 см
380 _aX
490 _aЛитературно-научна библиотека
_v9
_9206569
700 1 _aПопова, Стефана
_eпрев. от рус.
_9376932
700 1 _aБакалов, Георги
_eпрев. от рус.
_9363975
852 _aЦб 8.195.3075
_bЦб
856 4 _qpdf
856 4 _qpdf
942 _cKNG
_n0
_s1
944 _aCR
_c21.01.2012
_l21.01.2012 - от С1,Р / 21.01.2012
_kВиолета_Тройчева
944 _aED
_c21.01.2012
_l21.01.2012 - от С1,Р / 21.01.2012
999 _d120972